000 00409nam a2200121Ia 4500
008 191206s9999 xx 000 0 und d
090 _aPN99G7E5
245 0 _aEnglish critical texts: 16th century to 20th century
260 _aOxford University Press
260 _cc1962
300 _a398 p. 23 cm.
999 _c15908
_d15908